Faculty of Law Library — Cairo University

Official Online Catalog

الدفوع في نطاق القانون العام : (Record no. 59887)

MARC details
000 -LEADER
fixed length control field 02397nam a2200337 i 4500
003 - CONTROL NUMBER IDENTIFIER
control field EG-GICUC
005 - DATE AND TIME OF LATEST TRANSACTION
control field 20260127214118.0
008 - FIXED-LENGTH DATA ELEMENTS--GENERAL INFORMATION
fixed length control field 260127s2002 ua ||||fr|||| 00| 0 ara d
017 ## - COPYRIGHT OR LEGAL DEPOSIT NUMBER
Copyright or legal deposit number ٢٠٠٢/١٨٨٨٢
040 ## - CATALOGING SOURCE
Original cataloging agency EG-GICUC
Language of cataloging ara
Transcribing agency EG-GICUC
Modifying agency EG-GICUC
Description conventions rda
041 0# - LANGUAGE CODE
Language code of text/sound track or separate title ara
082 04 - DEWEY DECIMAL CLASSIFICATION NUMBER
Edition number 21
Classification number 345.4
Item number م ح . د
092 04 - LOCALLY ASSIGNED DEWEY CALL NUMBER (OCLC)
Edition number 21
099 ## - LOCAL FREE-TEXT CALL NUMBER (OCLC)
Classification number Law1 07 345.4 م ح . د 2000
100 0# - MAIN ENTRY--PERSONAL NAME
Personal name محمد ماهر أبو العينين
Relator term مؤلف.
245 12 - TITLE STATEMENT
Title الدفوع في نطاق القانون العام :
Remainder of title الدفوع المتعلقة بالخصومة والدعوى الإدارية الدفوع ببطلان انعقاد الخصومة وانقطاع سيرها ووقفها وسقوطها. الدفع ببطلان صحيفة الدعوى - الدفوع المتعلقة بقبول الدعوى . الدفوع المتعلقة بسير الدعوى - الدفوع المتعلقة بانتهاء الدعوى . الدفوع المتعلقة بعمل هيئة المفوضين . الطعون المتعلقة بالاثبات أمام القاضي الإداري ..
Number of part/section of a work الكتاب الأول،
Name of part/section of a work الدفوع المتعلقة بالخصومة والدعوى الإدارية /
Statement of responsibility, etc. المستشار الدكتور محمد ماهر أبو العينين.
264 #3 - PRODUCTION, PUBLICATION, DISTRIBUTION, MANUFACTURE, AND COPYRIGHT NOTICE
Place of production, publication, distribution, manufacture القاهرة :
Name of producer, publisher, distributor, manufacturer دار أبو المجد،
Date of production, publication, distribution, manufacture, or copyright notice 2002.
300 ## - PHYSICAL DESCRIPTION
Extent 1022 صفحة؛
Dimensions 24 سم.
Other physical details إيضاحيات، صور، مثيليات ؛
336 ## - CONTENT TYPE
Source rda content
Content type term text
337 ## - MEDIA TYPE
Source rda media
Media type term Computer
338 ## - CARRIER TYPE
Source rda carrier
Carrier type term Online Resource
504 ## - BIBLIOGRAPHY, ETC. NOTE
Bibliography, etc. note . 240-220 ببليوجرافيا: صفحات.
505 ## - FORMATTED CONTENTS NOTE
Formatted contents note الدفوع ببطلان انعقاد الخصومة وانقطاع سيرها ووقفها وسقوطها .<br/>الدفع ببطلان صحيفة الدعوى - الدفوع المتعلقة بقبول الدعوى .<br/>الدفوع المتعلقة بسير الدعوى - الدفوع المتعلقة بانتهاء الدعوى .<br/>الدفوع المتعلقة بعمل هيئة المفوضين .<br/>الطعون المتعلقة بالاثبات أمام القاضي الإداري .<br/>
546 ## - LANGUAGE NOTE
Language note النص باللغة العربية
650 14 - SUBJECT ADDED ENTRY--TOPICAL TERM
Topical term or geographic name entry element الوظائف العامة
Source of heading or term qrmak
650 14 - SUBJECT ADDED ENTRY--TOPICAL TERM
Topical term or geographic name entry element القانون الإداري
Source of heading or term qrmak
651 1# - SUBJECT ADDED ENTRY--GEOGRAPHIC NAME
Source of heading or term qrmak
856 40 - ELECTRONIC LOCATION AND ACCESS
Uniform Resource Identifier <a href="https://fll.law.cu.edu.eg/fulltext/bks/B07-03181.pdf">https://fll.law.cu.edu.eg/fulltext/bks/B07-03181.pdf</a>
905 ## - Cataloger and Reviser Names
Cataloger Name: Sara El-Gendy
942 ## - ADDED ENTRY ELEMENTS (KOHA)
Source of classification or shelving scheme Dewey Decimal Classification
Koha item type Books
Edition 21
Suppress in OPAC No
Holdings
Withdrawn status Lost status Source of classification or shelving scheme Materials specified (bound volume or other part) Damaged status Not for loan Collection Home library Current library Date acquired Total checkouts Full call number Barcode Date last seen Copy number Price effective from Koha item type
    Dewey Decimal Classification V1   Not for loan القانون الإداري جــــامعة القــاهرة مكتبة كلية الحقوق - المبنى الرئيسي 27.01.2026   Law1 07 345.4 م ح . د 2000 0703181 V1, C1 B07-03181 27.01.2026 1 27.01.2026 Books
    Dewey Decimal Classification V1     القانون الإداري جــــامعة القــاهرة مكتبة كلية الحقوق - المبنى الرئيسي 27.01.2026   Law1 07 345.4 م ح . د 2000 0703233 V1, C2 B07-03233 27.01.2026 2 27.01.2026 Books

© All rights reserved — Faculty of Law, Cairo University